| 000 | 01046nam a2200277Ia 4500 | ||
|---|---|---|---|
| 003 | OSt | ||
| 005 | 20221005111221.0 | ||
| 006 | a|||||r|||| 00| 0 | ||
| 007 | ta | ||
| 008 | 221004b |||||||| |||| 00| 0 hin d | ||
| 020 |
_a8170551935 (hbk) _c300 |
||
| 024 | _a21367 | ||
| 037 |
_b521, 21/03/2015, Vani Prakashan _cTextual |
||
| 040 |
_aCRL _cCRL _bhin |
||
| 041 |
_2hin _ahin |
||
| 082 | _aNW44, 152P3 | ||
| 100 | _aभट्ट, महेश | ||
| 245 | 0 | _aजागी रातों के किस्से | |
| 246 | _aJāgī rātoan ke kisse | ||
| 260 |
_aनई दिल्ली _bवाणी प्रकाशन भारत _c2003 |
||
| 300 |
_a165पृ0 _ccm. |
||
| 650 | _aल्थ्ल्त् क्ल्ज्ञ | ||
| 700 |
_a ब्रह्मात्मज, अजय, संपा. _9160075 |
||
| 942 |
_hNW44, 152P3 _cTEXL _2cc |
||
| 999 |
_c1021177 _d1021177 |
||